Il mio cuore messo a nudo : Razzi, Igiene, Titoli e spunti per romanzi e racconti /

-д хадгалсан:
Номзүйн дэлгэрэнгүй
Үндсэн зохиолч: Baudelaire, Charles (Зохиогч)
Бусад зохиолчид: Grange Fiori, Diana
Формат: Ном
Хэл сонгох:итали
Хэвлэсэн: Milano : Adelphi, 2006
Хэвлэл:7. ed
Цуврал:Piccola biblioteca Adelphi ; 147
Шошгууд: Шошго нэмэх
Шошго байхгүй, Энэхүү баримтыг шошголох эхний хүн болох!

MARC

LEADER 00000nam a22000007i 4500
001 IT\ICCU\LIA\0056331
003 ItRI
005 20260115232240.0
008 890905s2006 it |||||| ||||| |||||c
040 |b ita  |c importazione bologna sebina 
041 7 |a ita  |2 ISO-639-2 
100 1 |a Baudelaire, Charles  |0 IT\ICCU\CFIV\000538  |4 aut 
245 1 3 |a Il mio cuore messo a nudo :  |b Razzi, Igiene, Titoli e spunti per romanzi e racconti /  |c Charles Baudelaire ; a cura di Diana Grange Fiori. 
250 |a 7. ed 
260 |a Milano :  |b Adelphi,  |c 2006 
300 |a 171 p. ;  |c 18 cm. 
700 1 |a Grange Fiori, Diana  |0 IT\ICCU\CFIV\048411 
790 1 |a Baudelaire, Carlo  |3 IT\ICCU\CFIV\322819  |z Baudelaire, Charles 
790 1 |a Baudelaire, Charles Pierre  |3 IT\ICCU\MILV\154342  |z Baudelaire, Charles 
790 1 |a Fiori, Diana  |3 IT\ICCU\MILV\138175  |z Grange Fiori, Diana 
830 0 |a Piccola biblioteca Adelphi ;  |v 147  |0 IT\ICCU\CFI\0003745 
942 |2 ddc  |c BK  |n 0 
952 |0 0  |1 0  |4 0  |6 DOC_848_800000000000000_BAU  |7 0  |9 22865  |a BO  |b BO  |d 2026-01-15  |i 24  |l 0  |o DOC 848.8 BAU  |p BO24  |r 2026-01-15 23:22:40  |w 2026-01-15  |x [Sebina 5] [1 v.]  |y BK  |z 1 v. 
999 |c 19517  |d 19517